000 00555nam a2200169 i 4500
001 64512
003 ES-MaACL
005 20230906165139.0
007 t|
008 031226s1922 sp ||||1| spa d
100 1 _aFont Puig, Pedro.
_951567
245 1 0 _aEstudios de lógica crítica
_b: el supremo criterio de verdad : la evidencia /
_cpor Pedro Font Puig.
260 _aMurcia :
_b[s.n.,
_c1922] (
_fEstablecimiento tip. de José Antonio Jiménez)
300 _a106 p. ;
_c23 cm.
650 4 _aLógica.
_914693
852 _aES-MaACL
_j1844-F-1
_bR.20704
999 _c64512
_d64512